Văn hóa thể chất - thể thao trong tiến trình lịch sử dân tộc Việt Nam

Diễn biến sự hình thành và phát triển văn hó thể chất truyền thống dân tộc Việt Nam. Văn hóa thể chất - thể thao trong thời đại đấu tranh giải phóng dân tộc và xây dựng chủ nghĩa xã hội (1945-2015)

সংরক্ষণ করুন:
গ্রন্থ-পঞ্জীর বিবরন
প্রধান লেখক: Lương Kim Chung
অন্যান্য লেখক: Nguyễn Ngọc Kim Anh, Phan Quốc Chiến
বিন্যাস: গ্রন্থ
ভাষা:Vietnamese
প্রকাশিত: H. Thể dục Thể thao 2016
বিষয়গুলি:
ট্যাগগুলো: ট্যাগ যুক্ত করুন
কোনো ট্যাগ নেই, প্রথমজন হিসাবে ট্যাগ করুন!
Thư viện lưu trữ: Mạng thư viện Đại học Đà Nẵng
LEADER 01572aam a22003738a 4500
001 000023931
003 20384
005 20160509090553.0
008 160506s2016 viesd
020 |d 2500b 
041 0 |a vie 
082 1 4 |2 23  |a 796.09597  |b LƯ-C 
100 1 |a Lương Kim Chung 
245 1 0 |a Văn hóa thể chất - thể thao trong tiến trình lịch sử dân tộc Việt Nam  |c Lương Kim Chung, Nguyễn Ngọc Kim Anh, Phan Quốc Chiến 
260 |a H.  |b Thể dục Thể thao  |c 2016 
300 |a 179 tr.  |c 19 cm. 
504 |a Thư mục tr.179 
520 |a Diễn biến sự hình thành và phát triển văn hó thể chất truyền thống dân tộc Việt Nam. Văn hóa thể chất - thể thao trong thời đại đấu tranh giải phóng dân tộc và xây dựng chủ nghĩa xã hội (1945-2015) 
650 0 4 |2 Bộ TK TVQG  |a Thể dục thể thao  |x Lịch sử phát triển  |z Việt Nam 
650 7 |2 Bộ TK TVQG 
653 |a Thể dục thể thao 
653 |a Lịch sử 
700 1 |a Nguyễn Ngọc Kim Anh 
700 1 |a Phan Quốc Chiến 
OWN |a LSP 
AVA |a UDN50  |b LSP  |d 796.09597 LƯ-C  |e available  |t Error 5001 Not defined in file expand_doc_bib_avail.  |f 5  |g 0  |h N  |i 0  |k 1 
999 |a From the UDN01 
AVA |a UDN50  |b LSP  |d 796.09597 LƯ-C  |e available  |t Error 5001 Not defined in file expand_doc_bib_avail.  |f 5  |g 0  |h N  |i 0  |k 1 
TYP |a Monograph 
TYP |a Printed language 
980 |a Mạng thư viện Đại học Đà Nẵng